Lun yu hui tong /
Disimpan dalam:
| Pengarang Utama: | |
|---|---|
| Pengarang-pengarang Lain: | |
| Format: | Buku |
| Bahasa: | Chinese |
| Diterbitkan: |
[Taibei :
Jian sheng chu ban she,
1969]
|
| Subjek-subjek: | |
| Penanda-penanda: |
Tambah Penanda
Tiada Penanda, Jadilah orang pertama menanda rekod ini!
|
| LEADER | 01070cam a2200277 i 4500 | ||
|---|---|---|---|
| 001 | 007725954-8 | ||
| 005 | 20024617112705.0 | ||
| 008 | 980303s1969 ch 000 0 chi | ||
| 010 | |a 75838341 | ||
| 035 | 0 | |a ocm38540371 | |
| 040 | |a DLC |c *YNH* |d CStRLIN | ||
| 050 | 0 | 0 | |a PL2471.Z6 |b M3 |
| 100 | 1 | |6 880-01 |a Mao, Pengji. | |
| 245 | 1 | 0 | |6 880-02 |a Lun yu hui tong / |c Mao Pengji bian. |
| 260 | |6 880-03 |a [Taibei : |b Jian sheng chu ban she, |c 1969] | ||
| 300 | |a 10, 4, 193, 51 p. ; |c 21 cm. | ||
| 505 | 2 | |6 880-04 |a (p. 1-51 (last group)): Kongzi shi jia / Sima Qian -- Zhongni di zi lie zhuan / Sima Qian -- Lun yu jie ti ji qi du fa / Qian Jibo. | |
| 600 | 0 | 0 | |6 880-05 |a Confucius. |t Lun yu. |
| 700 | 0 | |a Confucius. | |
| 880 | 1 | |6 100-01 |a 毛鵬基. | |
| 880 | 1 | 0 | |6 245-02 |a 論語會通 / |c 毛鵬基編. |
| 880 | |6 260-03 |a [台北 : |b 劍聲出版社, |c 1969] | ||
| 880 | 2 | |6 505-04 |a (p. 1-51 (last group)): 孔子世家 / 司馬遷 -- 仲尼弟子列傳 / 司馬遷 -- 論語解題及其讀法 / 錢基博. | |
| 880 | 0 | 0 | |6 600-05 |a Confucius. |t 論語. |
| 988 | |a 20021121 | ||
| 906 | |0 DLC | ||


